[Event "Turkey IS Bank Super League 2017"]
[Site "Darica-Kocaeli"]
[Date "2017.07.30"]
[Round "6"]
[White "Asadli, Vugar"]
[Black "Yilmaz, Mustafa"]
[Result "1/2-1/2"]
[WhiteElo "2457"]
[BlackElo "2640"]
[Annotator "TA"]
[PlyCount "114"]
[EventType "team-tourn"]
[EventCountry "TUR"]
[SourceTitle "playchess.com"]
[Source "ChessBase"]
[SourceQuality "1"]

{[%evp 9,114,0,25,0,4,0,0,0,0,-8,0,-13,-8,-25,-12,-14,-18,-29,-21,-76,-54,-74,-50,-101,-72,-87,-35,-61,-42,-36,-16,-27,-14,-43,-11,-20,-9,-6,0,0,-8,-15,-9,-10,-31,-68,-61,-89,-46,-91,-88,-87,-86,-105,-97,-130,-133,-127,-92,-158,-150,-410,-404,-585,-572,-570,-580,-579,-549,-536,-419,-486,-441,-555,-8,-72,-12,-19,-67,-80,0,0,0,0,0,0,0,0,0,0,0,0,0,0,0,0,0,0,0,0,0,0,0,0,0,0,0]} 1. e4 c5 2. Nc3 d6 3. d4 cxd4 4. Qxd4 Nc6 5. Bb5 Bd7 (5... a6 $5 {[%cal Ra6b5]} 6. Bxc6+ bxc6 $11) 6. Bxc6 {B23: Closed Sicilian: Lines without g3} bxc6 (6... Bxc6 7. Nge2 Nf6 8. Bg5 e6 9. O-O-O Be7 10. Qd3 Qa5 11. Bd2 {½-½ (30) Zvjaginsev,V (2661)-Wang,H (2690) China 2017}) 7. b3 e5 8. Qd3 Be7 9. Nf3 $146 ({Predecessor:} 9. Nge2 Qa5 10. O-O h6 11. f4 {1-0 (48) Karayev,K (2216)-Muradli,M (2352) Nakhchivan 2016}) 9... Qc7 10. O-O Nf6 {[%cal Bg8f6,Bf6h5,Bh5f4][%mdl 32]} 11. Bb2 O-O 12. Rad1 Rad8 13. Na4 Nh5 14. c4 (14. Bc1 $11) 14... Nf4 15. Qe3 $1 f6 16. Rd2 (16. Nc3 $15) 16... Be6 17. Ba3 Rfe8 ({Black should try} 17... f5 $17 18. exf5 Rxf5) 18. Rfd1 Bf8 19. Nd4 Bg4 20. f3 Bc8 {next ...d5 is good for Black.} 21. Ne2 Ne6 (21... d5 $5 22. Bxf8 d4 $11) 22. Qf2 c5 23. Nac3 Qf7 24. f4 Nd4 25. f5 Bb7 26. Rf1 a5 {[%cal Ba7a5,Ba5a4][%mdl 32]} 27. Rd3 {[#]} a4 $1 {[%mdl 512]} 28. Nd5 (28. bxa4 Ba6) 28... Bxd5 29. cxd5 Qa7 30. Bb2 Rb8 {[%cal Ra4b3]} 31. Bxd4 cxd4 32. g4 Rec8 33. Ng3 Qa6 34. Qf3 (34. Qe2 $142) 34... Rc2 $17 35. Nh5 $2 (35. Rf2 $17 {is a better defense.} Rbc8 36. Nf1) 35... Rxa2 $19 36. g5 (36. bxa4 $142 Rbb2 37. Rfd1) 36... Rxb3 37. Rxb3 axb3 38. Qxb3 Qe2 {[%csl Ga2][%cal Re2h2]} 39. Qh3 Be7 40. gxf6 Bxf6 41. Rb1 {[#]} Qe3+ $2 ({And not} 41... Bd8 42. f6 $1 $11 {[%mdl 512]}) (41... Bh4 $1 $19 {[%mdl 512] ( -> ...Bf2+)} 42. Ng3 (42. Qxh4 Qg2#) 42... Qc2) 42. Qxe3 $11 dxe3 43. Nxf6+ gxf6 {[%mdl 4096] Endgame KR-KR} 44. Re1 {[#]} Ra3 (44... Kg7 $1 $17 {[%cal Rg7h6]} 45. Rxe3 Kh6) 45. Kg2 {The position is equal.} Kg7 46. Kf3 Kh6 {Threatens to win with ...e2+!} 47. Rg1 Ra2 {And now ...e2 would win.} 48. Kxe3 Rxh2 49. Rg8 Rh3+ 50. Kf2 Ra3 51. Ke2 Kh5 52. Rg7 Kh4 53. Kf2 Ra2+ 54. Kf3 Ra3+ 55. Kf2 Ra8 56. Kf3 h5 57. Rg6 Rf8 {Precision: White = 50%, Black = 64%.} 1/2-1/2

[Event "Turkey IS Bank Super League 2017"]
[Site "Darica-Kocaeli"]
[Date "2017.07.30"]
[Round "6"]
[White "Kanmazalp, Ogulcan"]
[Black "Safarli, Eltaj"]
[Result "1/2-1/2"]
[WhiteElo "2445"]
[BlackElo "2641"]
[Annotator "TA"]
[PlyCount "59"]
[EventType "team-tourn"]
[EventCountry "TUR"]
[SourceTitle "playchess.com"]
[Source "ChessBase"]
[SourceQuality "1"]

{[%evp 18,59,52,47,72,73,77,60,55,0,0,0,10,-8,10,9,6,-2,0,0,0,8,22,0,45,38,43,56,48,43,55,18,18,18,18,18,41,9,24,25,23,23,46,39]} 1. Nf3 d5 2. d4 Nf6 3. c4 e6 4. Nc3 Bb4 5. Qb3 c5 6. dxc5 Nc6 {D38: Queen's Gambit Declined: Ragozin Defence (4 Nf3 Bb4)} 7. Bg5 Qa5 8. Bxf6 dxc4 9. Qxc4 gxf6 10. Rc1 $1 {LiveBook: 41 Games} e5 $146 {[#]} ({Find the theoretical novelty and annotate with similar games:} 10... Qxc5 11. Qf4 Ke7 12. g3 e5 13. Qh6 Bxc3+ 14. bxc3 {1-0 (42) Wang,H (2680)-Vidit,S (2687) Chengdu 2017}) 11. a3 $1 {[%cal Ra3b4]} Bxc5 12. e3 Be6 13. Qa4 (13. Qh4 $14) 13... Qxa4 $1 $11 14. Nxa4 Be7 15. Nc5 Bxc5 16. Rxc5 Ke7 17. Bb5 Rac8 18. Ke2 Rhg8 19. Nh4 Na5 20. Rhc1 Nb3 (20... Rxc5 {seems wilder.} 21. Rxc5 Rg5 22. Rc3 e4 23. Ba4 Nc4) 21. Rxc8 Rxc8 22. Rxc8 Bxc8 $14 {[%mdl 4096] Endgame KBN-KBN} 23. Ba4 Na5 24. Kd2 Nc4+ 25. Kc3 Nd6 26. Bc2 h6 27. Nf3 b6 28. Nd2 Bb7 29. f3 Nb5+ 30. Kb4 {Precision: White = 68%, Black = 49%.} 1/2-1/2

[Event "Turkey IS Bank Super League 2017"]
[Site "Darica-Kocaeli"]
[Date "2017.07.30"]
[Round "6"]
[White "Daulyte, Deimante"]
[Black "Mammadova, Gulnar"]
[Result "1/2-1/2"]
[WhiteElo "2419"]
[BlackElo "2357"]
[Annotator "TA"]
[PlyCount "60"]
[EventType "team-tourn"]
[EventCountry "TUR"]
[SourceTitle "playchess.com"]
[Source "ChessBase"]
[SourceQuality "1"]

{[%evp 20,60,68,66,73,54,60,49,53,7,48,37,59,46,49,48,77,0,0,0,0,0,20,17,18,19,20,25,39,35,57,54,65,39,38,0,8,0,30,0,9,0,8]} 1. e4 e6 2. d4 d5 3. Nd2 Nf6 4. e5 Nfd7 5. Bd3 c5 6. c3 b6 7. Nh3 Ba6 8. Bxa6 Nxa6 9. O-O Nc7 10. Nf4 g6 {C06: French Tarrasch: 3...Nf6 4 e5 Nfd7 5 Bd3 main lines} (10... Be7 11. Qg4 g6 12. Nf3 c4 13. h4 b5 14. a4 bxa4 15. Rxa4 a5 16. Nh3 h6 17. Re1 Nb6 18. Ra1 Kd7 {½-½ (34) Gopal,G (2525)-Sengupta,D (2563) Al Ain 2015}) 11. Nf3 {LiveBook: 3 Games} Bg7 12. Nd3 c4 $146 {White is slightly better.} ({Predecessor:} 12... h6 13. Be3 c4 14. Nf4 b5 15. b3 Nb6 16. Nd2 O-O 17. Qf3 a5 18. Rfb1 {0-1 (60) Fuhrwerk,K (2434)-Baumgardt,U ICCF email 2001}) 13. Nf4 O-O 14. b3 b5 15. a4 a6 16. Ba3 Re8 17. Bd6 cxb3 {[#]} 18. Qxb3 (18. a5 $1 $16) 18... bxa4 $11 19. Rxa4 Nb5 20. Bb4 Nb6 21. Ra2 Nc4 22. Rfa1 Qb6 23. Nd3 Reb8 24. Qc2 Nc7 25. Nd2 a5 26. Bc5 Qb5 27. Rb1 Qe8 28. Rba1 Qb5 29. Rb1 Qe8 30. Rba1 Qb5 {Precision: White = 52%, Black = 52%.} 1/2-1/2

[Event "Turkey IS Bank Super League 2017"]
[Site "Darica-Kocaeli"]
[Date "2017.07.30"]
[Round "6"]
[White "Ertan, Can"]
[Black "Selbes, Tarik"]
[Result "1-0"]
[WhiteElo "2377"]
[BlackElo "2260"]
[Annotator "NA"]
[PlyCount "95"]
[EventType "team-tourn"]
[EventCountry "TUR"]
[SourceTitle "playchess.com"]
[Source "ChessBase"]
[SourceQuality "1"]
[TimeControl "40/5400+30:1800+30"]

1. e4 {[%emt 0:00:30]} e5 {[%emt 0:01:00]} 2. Nf3 {[%emt 0:00:30]} Nc6 {[%emt 0:00:30]} 3. Bb5 {[%emt 0:00:00]} a6 {[%emt 0:02:30]} 4. Ba4 {[%emt 0:00:00]} Nf6 {[%emt 0:00:30]} 5. O-O {[%emt 0:00:00]} Be7 {[%emt 0:00:30]} 6. Re1 {[%emt 0:00:00]} b5 {[%emt 0:00:30]} 7. Bb3 {[%emt 0:00:30]} d6 {[%emt 0:00:00]} 8. c3 {[%emt 0:01:30]} O-O {[%emt 0:00:00]} 9. d4 {[%emt 0:00:30]} Bg4 {[%emt 0:00:30]} 10. Be3 {[%emt 0:00:30]} exd4 {[%emt 0:01:30]} 11. cxd4 {[%emt 0:00:00]} d5 {[%emt 0:00:00]} 12. e5 {[%emt 0:02:00]} Ne4 {[%emt 0:00:00]} 13. Nc3 {[%emt 0:03:30]} Nxc3 {[%emt 0:00:30]} 14. bxc3 {[%emt 0:00:30]} Qd7 {[%emt 0:00:30] C91: Closed Ruy Lopez: 7...d6 8 c3 0-0 9 d4} (14... Na5 15. Bc2 Nc4 16. Qd3 g6 17. Bh6 Re8 18. h3 Bf5 19. Qe2 Bxc2 20. Qxc2 Qd7 21. Nh2 a5 22. Ng4 Ra6 23. f4 {1-0 (55) Areshchenko,A (2714)-Melkumyan,H (2634) Germany 2013}) 15. Bc2 {[%emt 0:00:30]} (15. h3 $5 {[%cal Rh3g4]} Bf5 16. Bg5 $11) 15... Bf5 {[%emt 0:08:30]} 16. Bg5 {[%emt 0:02:30]} Bxc2 {[%emt 0:02:30]} 17. Qxc2 {[%emt 0:00:30]} Nd8 {[%emt 0:00:30]} 18. a4 {[%emt 0:08:30]} Ne6 {[%emt 0:01:30]} 19. Bxe7 {[%emt 0:00:30]} Qxe7 {[%emt 0:00:30]} 20. Qa2 {[%emt 0:00:30]} Qd8 {[%emt 0:00:30]} 21. Reb1 {[%emt 0:02:30]} c6 {[%emt 0:01:30]} 22. Rb3 $146 {[%emt 0:00:30]} Rc8 {[%emt 0:33:30]} 23. Qe2 {[%emt 0:34:30]} Qd7 {[%emt 0:03:30]} 24. axb5 {[%emt 0:01:30]} axb5 {[%emt 0:00:30]} 25. Rba3 {[%emt 0:00:00]} Nf4 {[%emt 0:00:30]} 26. Qe3 {[%emt 0:01:00]} Qg4 {[%emt 0:00:30]} 27. g3 {[%emt 0:15:30]} Ne6 {[%emt 0:00:30]} 28. Ra7 {[%emt 0:02:30]} h6 {[%emt 0:06:30]} 29. Kg2 {[%emt 0:01:30]} c5 {[%emt 0:00:30]} 30. Rb7 {[%emt 0:03:30] [#]} (30. dxc5 $11 Rxc5 31. Ra8) 30... b4 $1 {[%emt 0:01:30]} 31. h3 {[%emt 0:11:30]} Qe4 {[%emt 0:02:30]} 32. Qxe4 {[%emt 0:06:30]} dxe4 {[%emt 0:00:30]} 33. Ne1 {[%emt 0:00:30]} ({White has to play} 33. Nh4 $1 $15) 33... bxc3 {[%emt 0:02:30]} 34. d5 {[%emt 0:00:00]} Nd4 {[%emt 0:00:30]} 35. e6 {[%emt 0:01:00]} Rfd8 {[%emt 0:07:30]} 36. exf7+ {[%emt 0:08:30]} Kf8 {[%emt 0:00:30]} 37. Rc1 {[%emt 0:00:00]} Rxd5 {[%emt 0:00:30]} 38. Rxc3 {[%emt 0:00:00]} Rf5 {[%emt 0:00:30]} 39. Re3 {[%emt 0:01:30]} Rxf7 {[%emt 0:00:30]} 40. Rxf7+ {[%emt 0:00:30]} Kxf7 {[%emt 0:00:30]} 41. Rxe4 {[%emt 0:00:30]} Kf6 $11 {[%emt 0:06:30]} (41... Re8 $5 {[%cal Re8e4]} 42. Rf4+ Ke7 $11) 42. Nd3 {[%emt 0:04:30]} Ne6 {[%emt 0:00:30]} 43. Ne5 {[%emt 0:00:30]} Kf5 {[%emt 0:01:30]} 44. f3 {[%emt 0:00:30]} Ra8 {[%emt 0:01:30]} 45. Nd7 {[%emt 0:02:30]} Ra2+ {[%emt 0:01:30]} 46. Kf1 {[%emt 0:00:00]} Ng5 {[%emt 0:00:30]} 47. Rf4+ {[%emt 0:00:00]} Kg6 {[%emt 0:02:30]} 48. Nf8+ {[%emt 0:00:30]} 1-0

[Event "Turkey IS Bank Super League 2017"]
[Site "Darica-Kocaeli"]
[Date "2017.07.30"]
[Round "6"]
[White "Osmak, Iulija"]
[Black "Karavade, Eesha"]
[Result "1/2-1/2"]
[WhiteElo "2353"]
[BlackElo "2397"]
[Annotator "NA"]
[PlyCount "77"]
[EventType "team-tourn"]
[EventCountry "TUR"]
[SourceTitle "playchess.com"]
[Source "ChessBase"]
[SourceQuality "1"]
[TimeControl "40/5400+30:1800+30"]

1. d4 {[%emt 0:00:30]} d5 {[%emt 0:02:00]} 2. Bf4 {[%emt 0:00:30]} Nf6 {[%emt 0:00:30]} 3. e3 {[%emt 0:00:00]} e6 {[%emt 0:00:30]} 4. Nf3 {[%emt 0:00:00]} Bd6 {[%emt 0:00:30]} 5. Bg3 {[%emt 0:00:30]} O-O {[%emt 0:01:30]} 6. Nbd2 {[%emt 0:00:30]} c5 {[%emt 0:01:30]} 7. c3 {[%emt 0:00:30]} b6 {[%emt 0:00:30]} 8. Bd3 {[%emt 0:00:00]} Bb7 {[%emt 0:00:00]} 9. Ne5 {[%emt 0:01:00]} Nc6 {[%emt 0:01:00]} 10. f4 {[%emt 0:00:30] D02: 1 d4 d5 2 Nf3 sidelines, including 2...Nf6 3 g3 and 2...Nf6 3 Bf4} (10. O-O Qc7 11. f4 Ne7 12. Qb1 Qc8 13. Bh4 Nf5 14. Bxf5 exf5 15. Bxf6 gxf6 16. Nef3 Qe6 17. Re1 Ba6 18. Nh4 cxd4 19. exd4 {1-0 (28) Korobov,A (2692)-Dominguez Perez,L (2739) Doha 2016}) 10... Ne7 {[%emt 0:00:30]} 11. Qb1 {[%emt 0:07:30]} g6 {[%emt 0:01:30] LiveBook: 10 Games} 12. O-O {[%emt 0:02:30]} Nf5 {[%emt 0:01:30]} 13. Bf2 {[%emt 0:00:30]} Be7 {[%emt 0:00:30]} 14. Qe1 $146 {[%emt 0:09:30]} ({Predecessor:} 14. a4 Nd6 15. a5 Rc8 16. axb6 axb6 17. Rd1 Qc7 {½-½ (29) Neef,M (2443)-Krishna,C (2404) Marianske Lazne 2017}) 14... Nd6 {[%emt 0:03:30]} 15. Bh4 {[%emt 0:00:30]} Nfe4 {[%emt 0:04:30]} 16. Bxe7 {[%emt 0:00:30]} Qxe7 {[%emt 0:00:00]} 17. Qe2 {[%emt 0:04:30]} f6 {[%emt 0:00:00]} 18. Ng4 {[%emt 0:31:00]} Nxd2 {[%emt 0:37:30]} 19. Qxd2 {[%emt 0:00:30]} Kg7 {[%emt 0:00:30]} 20. Rae1 {[%emt 0:03:30]} Rad8 {[%emt 0:04:30]} 21. Nf2 {[%emt 0:02:30]} e5 {[%emt 0:05:30]} 22. fxe5 {[%emt 0:04:30]} fxe5 {[%emt 0:00:30]} 23. Ng4 {[%emt 0:00:30]} e4 {[%emt 0:03:30]} 24. Be2 {[%emt 0:00:30]} c4 {[%emt 0:01:30]} 25. Ne5 {[%emt 0:00:30]} Nf7 {[%emt 0:01:30]} 26. Nxf7 {[%emt 0:01:30]} Rxf7 {[%emt 0:00:30]} 27. Rxf7+ {[%emt 0:00:30]} Kxf7 {[%emt 0:00:30]} 28. Rf1+ {[%emt 0:02:30]} Kg7 {[%emt 0:00:30]} 29. Bd1 {[%emt 0:06:30]} Rf8 {[%emt 0:05:30]} 30. Rxf8 {[%emt 0:00:30]} Qxf8 {[%emt 0:00:00]} 31. Qe1 {[%emt 0:00:30]} Qd6 $11 {[%emt 0:00:00]} 32. Qh4 {[%emt 0:01:30]} Bc8 {[%emt 0:07:30]} 33. g3 {[%emt 0:00:30]} Qf6 {[%emt 0:02:30]} 34. Qf4 {[%emt 0:03:30]} Qxf4 {[%emt 0:00:30]} 35. gxf4 {[%emt 0:00:30]} Bd7 {[%emt 0:00:00]} 36. Kf2 {[%emt 0:00:30]} Kf6 {[%emt 0:00:00]} 37. h4 {[%emt 0:00:30]} h5 {[%emt 0:01:30]} 38. Kg3 {[%emt 0:00:30]} b5 {[%emt 0:02:30]} 39. a3 {[%emt 0:00:30]} 1/2-1/2

[Event "Turkey IS Bank Super League 2017"]
[Site "Darica-Kocaeli"]
[Date "2017.07.30"]
[Round "6"]
[White "Unuk, Laura"]
[Black "Buksa, Nataliya"]
[Result "0-1"]
[WhiteElo "2343"]
[BlackElo "2328"]
[Annotator "TA"]
[PlyCount "106"]
[EventType "team-tourn"]
[EventCountry "TUR"]
[SourceTitle "playchess.com"]
[Source "ChessBase"]
[SourceQuality "1"]

{[%evp 23,106,14,17,0,6,0,0,-16,-25,-22,-8,-17,-9,-11,-15,-22,-6,-22,0,-74,-49,-99,-96,-93,-56,-51,-45,-68,-12,-21,-8,-17,-15,-18,-5,-3,0,0,0,0,0,0,0,0,0,-12,-10,-170,-156,-167,-152,-146,-147,-168,-164,-225,-218,-217,-231,-274,-268,-314,-310,-270,-268,-675,-675,-645,-643,-630,-655,-595,-586,-635,-645,-627,-615,-12842,-12843,-29987,-29988,-29990,-29991,-29991,-29992]} 1. d4 Nf6 2. c4 e6 3. Nf3 d5 4. g3 Bb4+ 5. Bd2 Be7 6. Bg2 O-O 7. O-O c6 8. Qc2 Nbd7 9. Bf4 a5 10. Rd1 {E08: Closed Catalan: Main Line: 7 Qc2} b5 11. cxb5 cxb5 12. Bc7 Qe8 {LiveBook: 5 Games} 13. Nbd2 Ba6 {[%cal Bc8a6,Ba6b7,Bb7d5][%mdl 32] [#]} 14. Rac1 $146 ({Predecessor:} 14. Rdc1 Bd8 15. Nb3 a4 16. Nc5 Bxc7 17. Nxd7 Qxd7 18. Qxc7 {0-1 (66) Markowski,T (2628)-Macieja,B (2618) Wroclaw 2010}) 14... b4 15. e4 (15. Bf1 {is more complex.} Qc8 16. e3 a4 17. Qc6 a3 18. b3) 15... dxe4 16. Nxe4 Nxe4 17. Qxe4 Nf6 18. Qe1 Bb7 19. Bb6 Nd7 $36 {[%mdl 2048] Black is pushing.} 20. Bc7 Nf6 21. h4 (21. Bb6 $11) 21... Qb5 22. Qe5 Bd5 23. Ng5 Nd7 24. Qe3 Bxg2 25. Kxg2 Qd5+ (25... Nf6 $15) 26. Qe4 Nf6 27. Qxd5 Nxd5 28. Ne4 Rfc8 29. Bd6 Kf8 (29... Rd8 {seems wilder.} 30. Bc5 h6 31. a3 g6 32. Re1 Rdb8) 30. Rc5 Rd8 31. Bxe7+ $1 Kxe7 32. Rdc1 h6 33. Kf3 a4 34. Rb5 Rdb8 35. Rcc5 $2 {[#]} (35. Rxb8 $11 Rxb8 36. Nc5) 35... f5 $19 36. Nd2 Rxb5 37. Rxb5 {[%mdl 4096] Endgame KRN-KRN} a3 38. bxa3 Rxa3+ 39. Nb3 (39. Kg2 {keeps fighting.}) 39... Rxa2 40. Na5 Rc2 41. Rb7+ Kf6 42. h5 Kg5 43. Rxg7+ Kxh5 {Strongly threatening ...b3!} 44. Kg2 $2 (44. Rb7) 44... Ne3+ 45. Kg1 Rc1+ 46. Kh2 Ng4+ 47. Kg2 Rc2 48. Rb7 Nxf2 49. Kf1 Nd3 {[#] Hoping for ...Kg4.} 50. Rb6 Kg4 51. Rxe6 Kf3 {Black mates.} 52. Kg1 Rc1+ 53. Kh2 Nf2 {Precision: White = 37%, Black = 75%.} 0-1

[Event "Turkey IS Bank Super League 2017"]
[Site "Darica-Kocaeli"]
[Date "2017.07.30"]
[Round "6"]
[White "Gokerkan, Cem Kaan"]
[Black "Uzumcu, Ahmet Utku"]
[Result "1/2-1/2"]
[WhiteElo "2321"]
[BlackElo "2223"]
[Annotator "ChessBase"]
[PlyCount "177"]
[EventType "team-tourn"]
[EventCountry "TUR"]
[SourceTitle "playchess.com"]
[Source "ChessBase"]
[SourceQuality "1"]
[TimeControl "40/5400+30:1800+30"]

1. e4 c5 2. Nf3 d6 3. d4 cxd4 4. Nxd4 Nf6 5. Nc3 a6 6. Bg5 Nbd7 7. Qe2 h6 8. Bxf6 Nxf6 9. O-O-O Qc7 10. h3 g6 11. g4 e5 12. Nb3 Be7 13. Kb1 O-O 14. Qd2 Kg7 15. f4 {[%emt 0:34:30] 0} b5 {[%emt 0:33:00] 0} 16. g5 {[%emt 0:07:30] 0} hxg5 {[%emt 0:02:30]} 17. fxg5 {[%emt 0:00:30]} Nh5 {[%emt 0:00:30]} 18. Nd5 {[%emt 0:02:30]} Qd8 {[%emt 0:01:30]} 19. Rg1 {[%emt 0:04:30]} Be6 {[%emt 0:07:30]} 20. Nxe7 {[%emt 0:06:30]} Qxe7 {[%emt 0:02:30]} 21. Qxd6 {[%emt 0:00:30]} Qxd6 {[%emt 0:01:30]} 22. Rxd6 {[%emt 0:00:00]} Rad8 {[%emt 0:00:30]} 23. Rxd8 {[%emt 0:00:00]} Rxd8 {[%emt 0:00:30]} 24. Kc1 {[%emt 0:03:30]} Bxb3 {[%emt 0:04:30]} 25. axb3 {[%emt 0:04:30]} Rd4 {[%emt 0:00:30]} 26. Bd3 {[%emt 0:05:30]} Nf4 {[%emt 0:00:00]} 27. Rg3 {[%emt 0:00:30]} Rxe4 {[%emt 0:04:00]} 28. Bxe4 {[%emt 0:00:30]} Ne2+ {[%emt 0:00:30]} 29. Kd2 {[%emt 0:00:00]} Nxg3 {[%emt 0:00:00]} 30. Bb7 {[%emt 0:00:00]} a5 {[%emt 0:00:00]} 31. c4 {[%emt 0:01:30]} bxc4 {[%emt 0:01:30]} 32. bxc4 {[%emt 0:00:30]} Kf8 {[%emt 0:01:30]} 33. c5 {[%emt 0:09:30]} Ke7 {[%emt 0:01:30]} 34. Kd3 {[%emt 0:05:03]} Nh5 {[%emt 0:20:30] 7} 35. Ke4 {[%emt 0:03:56]} Nf4 {[%emt 0:00:30] ]} 36. Kxe5 {[%emt 0:03:52]} Nd3+ {[%emt 0:02:30] 9} 37. Kd4 {[%emt 0:09:11]} Nxb2 {[%emt 0:01:50]} 38. h4 {[%emt 0:02:48]} a4 {[%emt 0:07:01]} 39. Bd5 {[%emt 0:00:07]} a3 {[%emt 0:00:33]} 40. c6 {[%emt 0:00:00] ]} Na4 {[%emt 0:00:36]} 41. c7 {[%emt 0:11:03]} Nb6 {[%emt 0:02:30]} 42. Kc5 {[%emt 0:03:02]} Nc8 {[%emt 0:02:30] 8} 43. Kc6 {[%emt 0:09:25]} Ke8 {[%emt 0:01:30] ]} 44. Ba2 {[%emt 0:02:22]} Ke7 {[%emt 0:01:30] 1} 45. Bc4 {[%emt 0:00:43]} Ke8 {[%emt 0:02:30] 2} 46. Bb3 {[%emt 0:03:41]} Ke7 {[%emt 0:00:30] 7} 47. Bc4 {[%emt 0:01:00]} Ke8 {[%emt 0:02:30] 7} 48. Kc5 {[%emt 0:03:13]} Ke7 {[%emt 0:01:30] 4} 49. Kb4 {[%emt 0:01:55]} Nd6 {[%emt 0:00:30] 9} 50. Kc5 {[%emt 0:00:35]} Nc8 {[%emt 0:00:30] 3} 51. Kc6 {[%emt 0:00:05]} Ke8 {[%emt 0:00:30] 9} 52. Ba2 {[%emt 0:00:01]} Ke7 {[%emt 0:01:30] 8} 53. Bb3 {[%emt 0:00:29]} Ke8 {[%emt 0:01:30] 9} 54. Kc5 {[%emt 0:00:43]} Ke7 {[%emt 0:00:30] 6} 55. Kb4 {[%emt 0:00:36]} Nd6 {[%emt 0:00:30] 1} 56. Kc5 {[%emt 0:00:14]} Nc8 {[%emt 0:00:00] 6} 57. Kc6 {[%emt 0:01:18]} Ke8 {[%emt 0:00:00] 8} 58. Ba2 {[%emt 0:00:44]} Ke7 {[%emt 0:00:30] 4} 59. Kc5 {[%emt 0:00:00]} Ke8 {[%emt 0:00:30] 6} 60. Kc6 {[%emt 0:01:20]} Ke7 {[%emt 0:00:30] 0} 61. Kd5 {[%emt 0:00:00]} Nd6 {[%emt 0:01:30] 9} 62. Kc5 {[%emt 0:00:06]} Nc8 {[%emt 0:00:30] 8} 63. Kb4 {[%emt 0:00:46]} Nd6 {[%emt 0:00:30] 2} 64. Kc5 {[%emt 0:00:48]} Nc8 {[%emt 0:00:00] 4} 65. Kc6 {[%emt 0:00:00]} Ke8 {[%emt 0:00:00] 0} 66. Bc4 {[%emt 0:00:04]} Ke7 {[%emt 0:00:30] 0} 67. Bb3 {[%emt 0:00:14]} Ke8 {[%emt 0:00:00] 6} 68. Bc4 {[%emt 0:01:26]} Ke7 {[%emt 0:00:00] 0} 69. Ba2 {[%emt 0:00:37]} Ke8 {[%emt 0:00:30] 3} 70. Bb3 {[%emt 0:00:30]} Ke7 {[%emt 0:00:30] 3} 71. Kc5 {[%emt 0:00:00]} Ke8 {[%emt 0:00:30] 1} 72. Kb4 {[%emt 0:00:00]} Nd6 {[%emt 0:00:00] 4} 73. Ba4+ {[%emt 0:00:00]} Ke7 {[%emt 0:02:00] 8} 74. Kxa3 {[%emt 0:00:01]} Nc8 {[%emt 0:01:30] 2} 75. Kb4 {[%emt 0:01:19]} Kd6 {[%emt 0:00:30] 4} 76. Bb3 {[%emt 0:00:17]} Kxc7 {[%emt 0:01:30] ]} 77. Bxf7 {[%emt 0:00:30]} Ne7 {[%emt 0:00:30] 6} 78. Kc5 {[%emt 0:00:37]} Kd7 {[%emt 0:01:30] 4} 79. Kd4 {[%emt 0:01:05]} Nf5+ {[%emt 0:00:30] 4} 80. Ke5 {[%emt 0:00:56]} Nxh4 {[%emt 0:00:30] 8} 81. Bd5 {[%emt 0:00:39]} Ke7 {[%emt 0:00:30] 9} 82. Be4 {[%emt 0:00:13]} Nf5 {[%emt 0:00:30] 6} 83. Bxf5 {[%emt 0:00:00]} gxf5 {[%emt 0:00:30] 3} 84. Kxf5 {[%emt 0:00:20]} Kf7 {[%emt 0:00:30] ]} 85. Kf4 {[%emt 0:00:30]} Kg7 {[%emt 0:00:30] 6} 86. Kf5 {[%emt 0:00:30]} Kf7 {[%emt 0:00:30] 3} 87. g6+ {[%emt 0:00:30]} Kg7 {[%emt 0:00:30] 6} 88. Kg5 {[%emt 0:00:30]} Kg8 {[%emt 0:00:30] 6} 89. Kh5 {[%emt 0:00:00] [%clk 0:06.09]} 1/2-1/2

[Event "Turkey IS Bank Super League 2017"]
[Site "Darica-Kocaeli"]
[Date "2017.07.30"]
[Round "6"]
[White "Agdelen, Huseyin Can"]
[Black "Gundogan, Cem"]
[Result "1-0"]
[WhiteElo "2309"]
[BlackElo "2062"]
[Annotator "NA"]
[PlyCount "71"]
[EventType "team-tourn"]
[EventCountry "TUR"]
[SourceTitle "playchess.com"]
[Source "ChessBase"]
[SourceQuality "1"]
[TimeControl "40/5400+30:1800+30"]

1. e4 {[%emt 0:00:30]} e5 {[%emt 0:01:00]} 2. Nf3 {[%emt 0:00:30]} Nc6 {[%emt 0:03:30]} 3. Bc4 {[%emt 0:00:00]} Bc5 {[%emt 0:02:30]} 4. c3 {[%emt 0:00:00]} Nf6 {[%emt 0:00:30]} 5. d3 {[%emt 0:00:30]} d6 {[%emt 0:00:30]} 6. O-O {[%emt 0:00:30]} a6 {[%emt 0:00:30]} 7. a4 {[%emt 0:00:30] C54: Giuoco Piano: 4 c3 Nf6, main lines with 5 d4 and 5 d3} Ba7 {[%emt 0:01:30]} 8. Na3 {[%emt 0:04:30]} (8. Re1 h6 9. Nbd2 O-O 10. Nf1 Re8 11. Qb3 Qe7 12. a5 Rb8 13. Be3 Be6 14. Bxe6 Qxe6 15. Qxe6 Rxe6 16. Bxa7 Nxa7 {½-½ (63) Carlsen,M (2832)-Mamedyarov,S (2800) Paris 2017}) 8... O-O {[%emt 0:05:30]} 9. Re1 {[%emt 0:08:30]} Ne7 {[%emt 0:09:30]} 10. Nc2 {[%emt 0:31:00]} Ng6 {[%emt 0:42:30] LiveBook: 3 Games} 11. d4 $146 {[%emt 0:04:30]} ({Predecessor:} 11. Be3 h6 12. Bxa7 Rxa7 13. d4 Ra8 14. h3 a5 {½-½ (36) Aravindh,C (2593)-Sardana,R (2379) New Delhi 2017}) 11... Nxe4 {[%emt 0:25:30]} 12. Rxe4 {[%emt 0:01:30]} d5 {[%emt 0:00:00]} 13. Re1 {[%emt 0:00:00]} dxc4 {[%emt 0:01:00]} 14. Nxe5 {[%emt 0:02:00]} Nxe5 {[%emt 0:01:30]} 15. Rxe5 {[%emt 0:00:00]} c5 {[%emt 0:02:30]} 16. d5 {[%emt 0:07:00]} Bb8 {[%emt 0:02:30]} 17. Re4 {[%emt 0:01:30]} Bf5 {[%emt 0:12:45]} 18. Rxc4 {[%emt 0:08:30]} Bxc2 {[%emt 0:02:31]} 19. Qxc2 {[%emt 0:00:30]} Qxd5 {[%emt 0:00:48]} 20. Qe2 {[%emt 0:00:00]} Bd6 {[%emt 0:03:30]} 21. Be3 {[%emt 0:04:00]} b5 {[%emt 0:00:52]} 22. Rh4 {[%emt 0:00:00]} Qe6 {[%emt 0:03:22]} 23. Qh5 {[%emt 0:05:00]} Qg6 {[%emt 0:02:24]} 24. Qf3 {[%emt 0:00:30]} Rab8 {[%emt 0:00:04]} 25. a5 $11 {[%emt 0:03:30]} Be7 {[%emt 0:00:42]} 26. Rg4 {[%emt 0:01:30]} Qc2 {[%emt 0:00:31]} 27. Bh6 {[%emt 0:01:30]} g6 {[%emt 0:00:12]} 28. Bxf8 {[%emt 0:02:30]} Qxb2 {[%emt 0:00:01]} 29. Rd1 {[%emt 0:00:00]} Rxf8 {[%emt 0:01:17]} 30. Qe3 {[%emt 0:05:00]} Bf6 {[%emt 0:00:15]} 31. Rg3 {[%emt 0:01:30]} Qa3 {[%emt 0:00:44]} 32. h3 {[%emt 0:01:30]} Qxa5 {[%emt 0:00:32]} 33. Qxc5 {[%emt 0:00:30]} Rd8 {[%emt 0:00:29]} 34. Re1 {[%emt 0:01:30]} Kg7 {[%emt 0:00:24]} 35. Rf3 {[%emt 0:00:30]} Rf8 {[%emt 0:00:36]} 36. Rxf6 {[%emt 0:00:00]} 1-0